000 00913nam a2200193 u 4500
001 000012780
003 DO-SdBNP
005 20250626105225.0
008 100806s1997 dr r 000 0 spa d
040 _aDO-SdBNP
_bspa
_cBNPHU
082 _a372.7
_bM839m
100 1 _aMorel, Roberto
_929572
245 1 0 _aMatemática superior /
_cRoberto Morel, Eduardo Ventura.
260 _aSanto Domingo :
_bUCSD,
_c1997.
300 _a123 p. ;
_c28 cm.
505 0 _tLógica matemática --
_tTeoría de conjuntos --
_tConjunto numérico --
_tExpresiones algebraicas --
_tPotencias y radicales --
_tRelaciones y funciones --
_tProductos y cocientes notables --
_tFactorización --
_tMáximo común divisor y mínimo común múltiplo --
_tFracciones algebraicas --
_tEcuaciones de primer grado --
_tEcuaciones de segundo grado --
_tInecuaciones de primer grado --
650 4 _aMatemáticas
_xLibros de texto
_929573
942 _2ddc
_cLBS1
999 _c12431
_d12431